| 000 | 01827nam a2200409 c 4500 | ||
|---|---|---|---|
| 999 |
_c49251 _d49251 |
||
| 001 | 49251 | ||
| 003 | ES-MaCES | ||
| 005 | 20180724135718.0 | ||
| 008 | 170420s2015 sp o100 | spa d | ||
| 017 |
_aV 3045-2015 _bDL |
||
| 020 | _a9788494126093 | ||
| 040 |
_aES-MaCES _bspa _cES-MaCES |
||
| 041 | 0 |
_aspa _hpor |
|
| 111 | 2 |
_938076 _aEncuentro Internacional de Investigadores sobre Empresas Gestionadas por sus Trabajadores _cValencia _d2015 |
|
| 245 | 1 | 0 |
_aEmpresas gestionadas por sus trabajadores _b: problemática jurídica y social _ccoordina, Gemma Fajardo García ; [Recoge las Actas del Encuentro Internacional de Investigadores sobre Empresas Gestionadas por sus Trabajadores, celebrado el 5 y 6 de octubre de 2015 en la Facultad de Derecho de la Universitat de València] |
| 260 |
_aValencia _bCIRIEC España, Centro Internacional de Investigación e Información sobre la Economía Pública, Social y Cooperativa _c[2015] |
||
| 300 |
_a298 p. _c23 cm |
||
| 500 | _aTextos en español y portugués | ||
| 541 | _cGratuito | ||
| 650 | 4 |
_acooperativa de trabajadores _929851 |
|
| 650 | 4 |
_aeconomía social _930379 |
|
| 650 | 4 |
_aautogestión obrera _929014 |
|
| 650 | 4 |
_aparticipación de los trabajadores _928378 |
|
| 650 | 4 |
_acompra de una empresa por sus trabajadores _930341 |
|
| 650 | 4 |
_aparticipación obrera por acciones _928394 |
|
| 650 | 4 |
_aEspaña _926964 |
|
| 650 | 4 |
_ainternacional _926674 |
|
| 650 | 4 |
_aestudio de casos _928846 |
|
| 650 | 4 |
_arégimen jurídico _929894 |
|
| 650 | 4 |
_aconferencia _927013 |
|
| 653 | 1 | 0 | _aEmpresa |
| 700 | 1 |
_937649 _aGarcía Fajardo, Gemma _ecoord. |
|
| 710 | 2 |
_aCIRIEC _91963 |
|
| 711 | 2 |
_938076 _aEncuentro Internacional de Investigadores sobre Empresas Gestionadas por sus Trabajadores _d2015 _cValencia |
|
| 902 | _aLIB Libro | ||
| 942 |
_2CES _cBK _h0.0. |
||